01894cam a22004334i 4500003000900000005001700009008004100026020001500067035002700082040003300109082001900142100003100161245012400192264003600316300008500352336002100437337002500458338002300483500004900506505069600555526001001251526001001261526000901271526000901280526000901289526000901298526000901307526000901316526000801325526000801333526000801341526000801349526000801357526000801365526000801373526000801381650002601389700004501415PE-LiUPU20250731180137.0150616s1992 mx r 000 0 spa d a9681801822 a(Sirsi) i9789681801823 aPE-LiUPUbspacPE-LiUPUerda04a532bH249m2231 aHansen, Arthur G.,eautor.10aMecánica de fluidos /cArthur G. Hansen; [Vers. española Hortensia Corona Rodríguez ; rev. Javier Báez Olague]. 1aMéxico D.F. :bLimusa,c1992. a575 páginas :bilustraciones, gráficas, tablas, dibujos ;c23 centímetros. atext2rdacontent aunmediated2rdamedia avolume2rdacarrier atitulo original en inglés, Fluid Mechanics0 aPRINCIPIOS DE LA MECÁNICA DE LOS FLUIDOS Y DE LA ESTÁTICA DE LOS FLUIDOS: Conceptos fundamentales y propiedades de los fluidos -- Conceptos básicos de la termodinámica y la mecánica -- Estática de los fluidos -- ANÁLISIS INTEGRAL: El volumen de control y la conservación de la masa -- La ecuación de la energía -- La ecuación de la cantidad de movimiento -- Introducción a la teoría de los flujos comprensibles -- ANÁLISIS DIFERENCIAL: Ecuaciones diferenciales para la conservación de la masa y la cantidad de movimiento -- Teoría de los flujos no viscosos -- ANÁLISIS EMPÍRICO: Análisis dimensional -- Flujos internos -- Flujos externos -- apéndices. aSEG44 aSEG26 aP159 aP155 aP154 aP153 aP150 aP100 aP31 aP30 aP26 aP25 aP24 aP22 aP15 aP1000aMecánica de fluidos aCorona Rodríguez, HortensiaeTraductor